Listen! Peter Rabbit / [Board Book] [based on the ... Read More
Available copies
- 1 of 1 copy available at LARL/NWRL Consortium. (Show)
- 1 of 1 copy available at Northwest Regional Library.
Current holds
0 current holds with 1 total copy.
Show Only Available Copies
| Location | Call Number / Copy Notes | Barcode | Shelving Location | Status | Due Date |
|---|---|---|---|---|---|
| Thief River Falls Public Library | e LIS (BOARD BOOK) (Text) | 35500001759727 | Main | Available | - |
Record details
- ISBN: 072324801X
- Physical Description: 1 v. (unpaged) : col. ill. ; 16 cm.
- Publisher: [London] : Frederick Warne & Co. ; 2001.
Content descriptions
| General Note: | On board pages. Title from cover. "Surprise sound inside!"--Cover. |
Search for related items by subject
| Genre: | Board books. |
Search for related items by series
| LDR | 00928nam a2200229 a 4500 | ||
|---|---|---|---|
| 001 | 38486 | ||
| 003 | LARL_NWRL_CONSORTIUM | ||
| 008 | 890104s2001 enka b 000 1 eng d | ||
| 020 | . | ‡a072324801X | |
| 092 | . | ‡a(BB) e LIS | |
| 245 | 0 | 0. | ‡aListen! Peter Rabbit / ‡h[Board Book] ‡c[based on the works of Beatrix Potter ; illustrations by Alex Vining]. |
| 260 | . | ‡a[London] : ‡bFrederick Warne & Co. ; ‡aHarmondsworth, Middlesex, England ; ‡aNew York, N.Y., : ‡bPenguin, ‡c2001. | |
| 300 | . | ‡a1 v. (unpaged) : ‡bcol. ill. ; ‡c16 cm. | |
| 490 | 0 | . | ‡aPeter Rabbit seedlings |
| 500 | . | ‡aOn board pages. | |
| 500 | . | ‡aTitle from cover. | |
| 500 | . | ‡a"Surprise sound inside!"--Cover. | |
| 655 | 0. | ‡aBoard books. | |
| 700 | 1 | . | ‡aPotter, Beatrix, ‡d1866-1943. ‡0(LARL_NWRL_CONSORTIUM)3782 |
| 700 | 1 | . | ‡aVining, Alex. ‡0(LARL_NWRL_CONSORTIUM)151350 |
| 901 | . | ‡a38486 ‡bISxN ‡c38486 ‡tbiblio | |

Add to basket
Permalink
Disable Highlighting